[Event "6th Open"]
[Site "Kalamaria GRE"]
[Date "2009.08.28"]
[Round "8"]
[White "Berescu,A"]
[Black "Aroshidze,L"]
[Result "1/2-1/2"]
[WhiteElo "2495"]
[BlackElo "2537"]

1.e4 c5 2.Nf3 e6 3.d4 cxd4 4.Nxd4 Nc6 5.Nc3 Qc7 6.Be3 a6 7.Qd2 Nf6 8.O-O-O Be7
9.f3 O-O 10.g4 b5 11.g5 Ne8 12.Nxc6 dxc6 13.f4 Nd6 14.e5 Nf5 15.Bg2 Bb7 16.Qf2 Nxe3
17.Qxe3 Rfd8 18.h4 c5 19.Bxb7 Qxb7 20.Ne4 Rd5 21.Nc3 Rd4 22.Rxd4 Qxh1+ 23.Rd1 Qc6
24.Qe4 Qc8 25.h5 Ra7 26.Qd3 c4 27.Qd4 Ra8 28.Ne4 Qc7 29.h6 Rd8 30.Nd6 g6
31.c3 Kf8 32.a3 Qc6 33.Kb1 Rd7 34.Rd2 Bd8 35.Qe4 Qxe4+ 36.Nxe4 Rxd2 37.Nxd2 Bb6
38.Nf1 Ke7 39.Kc2 Kd7 40.Kd2 Kc6 41.Ke2 Kd5 42.Kf3 Bc5 43.Nd2 Be7 44.Ne4 a5
45.Nd2 Bc5 46.Ne4 Be7 47.Nf2 a4 48.Ng4 Bd8 49.Ne3+ Kc5 50.Ke4 Be7 51.Ng4  1/2-1/2

[Event "XI Sants Open"]
[Site "Barcelona ESP"]
[Date "2009.08.30"]
[Round "10"]
[White "Oms Fuentes,L"]
[Black "Milov,L"]
[Result "1-0"]
[WhiteElo "2351"]
[BlackElo "2562"]

1.e4 c5 2.Nf3 e6 3.d4 cxd4 4.Nxd4 Nc6 5.Nc3 Qc7 6.Be3 a6 7.Qd2 Nf6 8.O-O-O Bb4
9.f3 O-O 10.g4 b5 11.Kb1 Bb7 12.g5 Ne8 13.Nxc6 Bxc6 14.Bd4 Be7 15.Bd3 f5
16.exf5 exf5 17.Rhf1 Qd6 18.Qf2 Qc7 19.Qd2 Qd6 20.Qf2 Nc7 21.f4 Ne6 22.Be3 Qc7
23.h4 Qb7 24.h5 Rac8 25.Ne2 Be4 26.Bxe4 fxe4 27.Qg2 Qc6 28.Nc3 Bc5 29.Nd5 Rf5
30.Qxe4 Rxd5 31.Qxd5 Bxe3 32.Qb3 d5 33.Qxe3 Qxc2+ 34.Ka1 Nc5  1-0

[Event "XIX EYCC Girls U16"]
[Site "Fermo ITA"]
[Date "2009.08.31"]
[Round "1"]
[White "Bochis,J"]
[Black "Tsarouha,Ma"]
[Result "1/2-1/2"]
[WhiteElo "2053"]
[BlackElo "1763"]

1.e4 c5 2.Nf3 e6 3.d4 cxd4 4.Nxd4 Nc6 5.Nc3 Qc7 6.Be3 a6 7.f4 Nxd4 8.Qxd4 b5
9.a3 Bb7 10.Be2 Rc8 11.Bf3 h5 12.Qd1 b4 13.axb4 Bxb4 14.Qd4 Bxc3+ 15.Qxc3 Qxc3+
16.bxc3 Rxc3 17.Bd4 Rxc2 18.Rb1 Bc8 19.Bxg7 Rh7 20.Be5 Ne7 21.Kd1 Rc6 22.Kd2 d6
23.Bf6 Ng6 24.Rhc1 Rxc1 25.Rxc1 Kd7 26.Ke3 Bb7 27.Rb1 Kc7 28.Bd8+ Kc8 29.Bb6 Ne7
30.Rd1 d5 31.Bc5 dxe4 32.Bxe4 Bxe4 33.Kxe4 Nd5 34.Rc1 Kb7 35.Bd4 Rh6 36.f5 Ne7
37.Rb1+ Kc7 38.fxe6 Rxe6+ 39.Kf3 Nd5 40.Rb2 Kc6 41.Rb8 a5 42.Rc8+ Nc7 43.Rh8 Nb5
44.Be3 a4 45.Rxh5 a3 46.Rc5+ Kb6 47.Rc4+ Ka5 48.Bd2+ Kb6 49.Ra4 Kb7 50.Bb4 Rf6+
51.Kg3 Rc6 52.Bd2 Rc2 53.Be3 a2 54.h4 Rc3 55.Rxa2 Rxe3+ 56.Kf4 Re6 57.g4 Nc3
58.Rh2 Ne2+ 59.Kg5 Rg6+ 60.Kf5 Nd4+ 61.Kf4 Ne6+ 62.Kf3 Kc6 63.Rd2 Nf8 64.g5 Ne6
65.Kg4 Rg8 66.Kf5 Nc5 67.Rd4 Ne6 68.Rd1 Rh8 69.Kg4 Ra8 70.Rf1 Ra4+ 71.Kh5 Nf4+
72.Kh6 Kd6 73.h5 Ke7 74.g6 fxg6 75.hxg6 Ne6 76.Rf7+ Kd8 77.Kh5 Ra5+ 78.Kh6 Ra1
79.Kh5 Ra5+ 80.Kh6 Ra2 81.Kh5 Rg2 82.Rf6 Ke7 83.Rf7+ Kd6 84.Ra7 Nf4+ 85.Kh4 Nxg6+
86.Kh3 Rg1 87.Ra4 Ne5 88.Ra2 Kd5 89.Rg2 Rf1 90.Kh4 Ke4 91.Kg5 Rf5+ 92.Kh6 Rf8
93.Re2+ Kf4 94.Kg7 Rf7+ 95.Kh6 Ng4+ 96.Kh5 Rg7 97.Ra2 Kf5 98.Ra5+ Ne5 99.Kh6 Re7
100.Rb5 Rc7 101.Ra5 Rb7 102.Rc5 Rb8 103.Kg7 Rb7+ 104.Kh6 Kf6 105.Rc1 Rb2
106.Rf1+ Ke6 107.Rg1 Rf2 108.Rg3 Kf6 109.Kh7 Nd7 110.Rg6+ Kf5 111.Kg7 Re2
112.Rg1 Re7+ 113.Kh6 Ne5 114.Rf1+ Ke6 115.Re1 Rf7 116.Re2 Rf1 117.Kg5 Rf5+
118.Kh4 Kf6 119.Kg3 Rf3+ 120.Kg2 Rc3 121.Ra2 Kg5 122.Kf2 Kf4 123.Ra4+ Nc4
124.Ra2 Rh3 125.Kg2 Rg3+ 126.Kf2 Rf3+ 127.Ke2 Nd6 128.Ra4+ Ne4 129.Ra8 Rf2+
130.Kd3 Rg2 131.Kc4 Nd6+ 132.Kc5 Ke5 133.Kb4 Rc2 134.Rh8 Kd4 135.Rh4+ Ne4
136.Kb5  1/2-1/2

[Event "XIX EYCC Girls U16"]
[Site "Fermo ITA"]
[Date "2009.08.31"]
[Round "1"]
[White "Turkova,K"]
[Black "Zakoscielna,K"]
[Result "1-0"]
[WhiteElo "1787"]
[BlackElo "2089"]

1.e4 c5 2.Nf3 e6 3.d4 cxd4 4.Nxd4 Nc6 5.Nc3 Qc7 6.Be2 a6 7.O-O Nf6 8.Be3 Bb4
9.Na4 b5 10.Nxc6 Qxc6 11.Nb6 Rb8 12.e5 Ng8 13.Bf3 Qc7 14.Qd4 Bf8 15.Na8 Rxa8
16.Bxa8 Ne7 17.a4 Nf5 18.Qf4 b4 19.Bd2 a5 20.Rfd1 d6 21.exd6 Bxd6 22.Qg4 Bxh2+
23.Kh1 Bd6 24.Be4 O-O 25.c3 Qc5 26.Bxf5 exf5 27.Qd4 Qc6 28.Bf4 Bb7 29.f3 Bc5
30.Qd7 Qb6 31.Qc7 bxc3 32.Qxb6 Bxb6 33.bxc3 Bc5 34.Rd7 Ba8 35.Rb1 h6 36.Rb8 Bc6
37.Rxf8+ Bxf8 38.Rd8  1-0

[Event "XIX EYCC Girls U16"]
[Site "Fermo ITA"]
[Date "2009.08.31"]
[Round "1"]
[White "Uusitupa,E"]
[Black "Petrova,I"]
[Result "0-1"]
[WhiteElo "1691"]
[BlackElo "1987"]

1.e4 c5 2.Nf3 e6 3.d4 cxd4 4.Nxd4 Nc6 5.Nc3 d6 6.Be2 Nf6 7.O-O Be7 8.Kh1 O-O
9.f4 a6 10.Be3 Qc7 11.Qe1 Nxd4 12.Bxd4 e5 13.fxe5 dxe5 14.Qg3 Bd6 15.Rxf6 exd4
16.Qxd6 Qxd6 17.Rxd6 dxc3 18.bxc3 Be6 19.c4 Rac8 20.Rd4 Rc5 21.Rb1 Ra5 22.Rb2 g6
23.Kg1 Rc8 24.Kf2 Rc7 25.Ke3 Rac5 26.Rb4 Kg7 27.c3 Ra5 28.a4 Rac5 29.Kd2 Re5
30.Kd3 Ra5 31.Rd6 Rac5 32.Kd4 Bc8 33.Rd5 R5c6 34.a5 Be6 35.Rd8 Rc5 36.Rb8 Bc8
37.R8xb7 Bxb7 38.Rxb7 Rc8 39.Rb8 Rxc4+ 40.Bxc4 Rxb8 41.Kc5 Rc8+ 42.Kb4 Rc6
43.Bd5 Rc8 44.c4 Kf6 45.c5 Ke5 46.Kc4 Rb8 47.Bc6 Rb1 48.Ba4 Rb2 49.c6 Kd6
50.e5+ Kc7 51.Kc5 Rxg2 52.Bb3 Rg5 53.Kd4 Rf5 54.Bd5 h5 55.Be4 Rf4 56.e6 fxe6
57.Ke5 Rxe4+ 58.Kxe4 Kxc6 59.Ke5 Kb5 60.h4 Kxa5 61.Kxe6 Kb5 62.Kf6 a5 63.Kxg6 a4
64.Kxh5 a3 65.Kg6 a2 66.h5 a1=Q 67.Kh7 Qf6 68.h6 Qf8 69.Kg6 Qh8  0-1

[Event "XIX EYCC Boys U16"]
[Site "Fermo ITA"]
[Date "2009.09.01"]
[Round "2"]
[White "Sochacki,C"]
[Black "Skoulakis,C"]
[Result "1-0"]
[WhiteElo "2274"]
[BlackElo "2132"]

1.e4 c5 2.Nf3 e6 3.d4 cxd4 4.Nxd4 Nc6 5.Nc3 Qc7 6.Be2 a6 7.O-O Nf6 8.Be3 Bb4
9.Na4 Be7 10.Nxc6 bxc6 11.Nb6 Rb8 12.Nxc8 Qxc8 13.e5 Nd5 14.Bc1 c5 15.Bf3 Nb4
16.c3 Nc6 17.Qe2 O-O 18.Bf4 Qc7 19.Rfd1 a5 20.Rd3 Rb7 21.Rad1 Rd8 22.Be4 g6
23.R1d2 Rb6 24.Bxc6 Qxc6 25.Bg3 a4 26.h4 a3 27.bxa3 Rb1+ 28.Kh2 Qa4 29.h5 Qxa3
30.Qg4 Re1 31.Bh4 c4 32.Rxd7 Rxd7 33.Rxd7 Qc1 34.Bxe7 Rh1+ 35.Kg3 Qxc3+ 36.Qf3 Qxe5+
37.Qf4 Qc3+ 38.Qe3 Qxe3+ 39.fxe3 gxh5 40.Bf6 h6 41.a4 h4+ 42.Kg4 Rf1 43.Bc3 f5+
44.Kxh4 Rh1+ 45.Kg3 Rc1 46.Bd4 c3 47.a5 c2 48.Rc7 h5 49.a6 h4+ 50.Kh2  1-0

[Event "XIX EYCC Boys U16"]
[Site "Fermo ITA"]
[Date "2009.09.01"]
[Round "2"]
[White "Pruja Ramirez de Cartagena,M"]
[Black "Pavlidis,Ant"]
[Result "0-1"]
[WhiteElo "2214"]
[BlackElo "2360"]

1.e4 c5 2.Nf3 e6 3.d4 cxd4 4.Nxd4 Nc6 5.Nc3 Qc7 6.f4 a6 7.Be3 b5 8.Bd3 Bb7
9.Nb3 Na5 10.Nxa5 Qxa5 11.Qd2 Nf6 12.e5 b4 13.Bd4 bxc3 14.Bxc3 Qd5 15.exf6 gxf6
16.Qe2 Rg8 17.Bc4 Qxg2 18.Rf1 Qxe2+ 19.Kxe2 Bc5 20.b4 Bb6 21.Bxf6 Rg2+ 22.Kd3 Rxh2
23.Kc3 Rh6 24.Bg5 Rh3+ 25.Bd3 Rc8+ 26.Kd2 Bd4 27.Rad1 f6  0-1

[Event "XIX EYCC Girls U18"]
[Site "Fermo ITA"]
[Date "2009.09.01"]
[Round "2"]
[White "Narva,A"]
[Black "Misovic,S"]
[Result "1/2-1/2"]
[WhiteElo "1689"]
[BlackElo "1943"]

1.e4 c5 2.Nf3 e6 3.d4 cxd4 4.Nxd4 Nc6 5.Nc3 Qc7 6.g3 Nf6 7.Ndb5 Qb8 8.Bf4 e5
9.Bg5 a6 10.Bxf6 gxf6 11.Na3 Bb4 12.Nc4 b5 13.Ne3 Ne7 14.Ng4 Ng8 15.Bg2 Qc7
16.Qd3 Bb7 17.Ne3 Ne7 18.O-O Rc8 19.Ncd5 Nxd5 20.exd5 d6 21.Qf5 Rg8 22.c3 Bc5
23.Ng4 Rg6 24.Nxf6+ Ke7 25.Ng4 h5 26.Ne3 Rcg8 27.Qxh5 Qc8 28.Bh3 Qa8 29.Nf5+ Ke8
30.Qh4 Rg5 31.b4 Bc8 32.bxc5 Bxf5 33.Bxf5 Rxf5 34.c6 Qa7 35.Qe4 Rh5 36.Qe3 Qe7
37.Qb6 Qh4 38.Qb8+ Ke7 39.Qc7+ Ke8 40.Qd7+ Kf8 41.Qxd6+ Ke8 42.Qd7+ Kf8  1/2-1/2

[Event "XIX EYCC Boys U18"]
[Site "Fermo ITA"]
[Date "2009.09.01"]
[Round "2"]
[White "Kavcic,J"]
[Black "Massoni,M"]
[Result "1-0"]
[WhiteElo "1998"]
[BlackElo "2291"]

1.e4 c5 2.Nf3 e6 3.d4 cxd4 4.Nxd4 Nc6 5.Nc3 Qc7 6.Be3 Nf6 7.Bd3 a6 8.O-O Nxd4
9.Bxd4 Bc5 10.Bxc5 Qxc5 11.Kh1 b5 12.f4 b4 13.Na4 Qc6 14.c3 Nxe4 15.Bxe4 Qxe4
16.Nb6 Rb8 17.Qd6 Qb7 18.Nc4 Qb5 19.Rac1 a5 20.a4 bxa3 21.b3 Ba6 22.Qxa3 Qxb3
23.Nd6+ Kf8 24.Qc5 Qb6 25.Qa3 Kg8 26.Rfd1 h6 27.Nxf7 Kxf7 28.Rxd7+ Kg6 29.Qe7 Rhg8
30.Rd6 Qb1 31.Rxe6+ Kh7 32.Rxh6+  1-0

[Event "USCL 2009"]
[Site "ICC INT"]
[Date "2009.09.02"]
[Round "1"]
[White "Herman,Ma"]
[Black "Shen,V"]
[Result "0-1"]
[WhiteElo "2149"]
[BlackElo "2177"]

1.e4 c5 2.Nf3 e6 3.d4 cxd4 4.Nxd4 Nc6 5.Nc3 Qc7 6.g3 a6 7.Bg2 d6 8.Nxc6 bxc6
9.O-O Nf6 10.Re1 e5 11.Na4 Be6 12.b3 Be7 13.c4 O-O 14.f4 d5 15.f5 Bd7 16.g4 Bb4
17.Re3 Rad8 18.Qe2 Nxe4 19.Bxe4 dxe4 20.a3 Be7 21.Rh3 c5 22.Nc3 Bc6 23.g5 Qd7
24.Qg4 g6 25.Qh4 h5 26.f6 Qd4+ 27.Re3 Bd6 28.Qg3 Bc7 29.Ra2 Qd7 30.Rae2 Qf5
31.Rf2 Qe6 32.Rfe2 Rd3 33.Qg2 Rfd8 34.h3 Rxc3 35.Rxc3 Rd1+  0-1

[Event "2nd WTeam w"]
[Site "Ningbo CHN"]
[Date "2009.09.02"]
[Round "1"]
[White "Gaponenko,I"]
[Black "Kovalevskaya,E"]
[Result "1-0"]
[WhiteElo "2438"]
[BlackElo "2436"]

1.e4 c5 2.Nf3 e6 3.d4 cxd4 4.Nxd4 Nc6 5.Nc3 d6 6.Be3 Nf6 7.f3 Be7 8.Qd2 O-O
9.g4 a6 10.O-O-O Nxd4 11.Bxd4 b5 12.Kb1 Nd7 13.h4 Bb7 14.g5 Ne5 15.Qf2 Qc7
16.f4 b4 17.fxe5 bxc3 18.exd6 Bxd6 19.Bxc3 Be5 20.Bd3 Rab8 21.Qh2 Qc5 22.Qg1  1-0

[Event "ch-RUS HL"]
[Site "Ulan Ude RUS"]
[Date "2009.09.02"]
[Round "1"]
[White "Sek,K"]
[Black "Potkin,V"]
[Result "0-1"]
[WhiteElo "2420"]
[BlackElo "2606"]

1.e4 c5 2.Nf3 e6 3.d4 cxd4 4.Nxd4 Nc6 5.Nc3 Qc7 6.Be3 a6 7.Qd2 Nf6 8.O-O-O Bb4
9.f3 O-O 10.g4 b5 11.g5 Ne8 12.Kb1 Rb8 13.h4 Ne5 14.h5 Ba5 15.Bf4 d6 16.Qh2 Nc4
17.Nb3 Bxc3 18.bxc3 e5 19.Bc1 a5 20.g6 h6 21.Qf2 f5 22.Nd2 fxe4 23.Nxe4 b4
24.Ka1 bxc3 25.Nxc3 Nf6 26.Rh4 Be6 27.Bxc4 Bxc4 28.Qd2 d5 29.f4 Ne4 30.Nxe4 dxe4
31.Qc3 Rb1+ 32.Kxb1 Bxa2+ 33.Kxa2 Qxc3 34.Rh2 e3 35.Rd3 Qc4+ 36.Ka1 exf4  0-1

[Event "ch-RUS HL"]
[Site "Ulan Ude RUS"]
[Date "2009.09.02"]
[Round "1"]
[White "Frolyanov,D"]
[Black "Tregubov,P"]
[Result "1/2-1/2"]
[WhiteElo "2557"]
[BlackElo "2649"]

1.e4 c5 2.Nf3 e6 3.d4 cxd4 4.Nxd4 Nc6 5.Nc3 Nf6 6.Ndb5 d6 7.Bf4 e5 8.Bg5 a6
9.Na3 b5 10.Nd5 Be7 11.Bxf6 Bxf6 12.c3 Bg5 13.Nc2 O-O 14.a4 bxa4 15.Rxa4 a5
16.Bc4 Rb8 17.b3 Kh8 18.Nce3 g6 19.h4 Bxh4 20.g3 Bg5 21.f4 exf4 22.gxf4 Bh4+
23.Kd2 Ne7 24.Kc2 Nxd5 25.Nxd5 Bf6 26.Nxf6 Qxf6 27.Qd4 Qxd4 28.cxd4 Bb7 29.d5 Ra8
30.Rha1 h5 31.Rxa5 Rxa5 32.Rxa5 h4 33.Kd3 Kg7 34.Ke3 Rh8 35.Ra2 h3 36.Rh2 Kf6
37.Kf3 g5 38.fxg5+ Kxg5 39.Kg3 Bc8 40.Rf2 Rh4 41.Bd3 Rg4+ 42.Kh2 Rf4 43.Rc2 Rf3
44.Rxc8 Rxd3 45.b4 f5 46.exf5 Kxf5 47.Re8 Rxd5 48.Kxh3 Rb5 49.Kg3 Rxb4 50.Kf3 Rb5
51.Rd8 Ke5 52.Ke3 Rb3+ 53.Kd2 d5 54.Rh8 Kd4 55.Rh4+ Kc5 56.Rg4 Rh3 57.Rf4 d4
58.Rf8 Rh8  1/2-1/2

[Event "XIX EYCC Boys U16"]
[Site "Fermo ITA"]
[Date "2009.09.03"]
[Round "4"]
[White "Halvax,G"]
[Black "Skoulakis,C"]
[Result "1-0"]
[WhiteElo "2260"]
[BlackElo "2132"]

1.e4 c5 2.Nf3 Nc6 3.d4 cxd4 4.Nxd4 e6 5.Nc3 Qc7 6.Be3 a6 7.Qd2 Nf6 8.O-O-O Be7
9.f3 h5 10.Kb1 b5 11.Qf2 Na5 12.Nf5 exf5 13.Bb6 Qe5 14.Bxa5 Bc5 15.Qh4 Bb7
16.exf5 O-O 17.Bd3 d5 18.Ne2 d4 19.Nf4 Bd6 20.Bd2 Qc5 21.Nxh5 Nd5 22.Qg5 Be5
23.f6  1-0

[Event "XIX EYCC Girls U16"]
[Site "Fermo ITA"]
[Date "2009.09.03"]
[Round "4"]
[White "Haast,A"]
[Black "Bochis,J"]
[Result "1/2-1/2"]
[WhiteElo "2158"]
[BlackElo "2053"]

1.e4 c5 2.Nf3 e6 3.d4 cxd4 4.Nxd4 Nc6 5.Nc3 Qc7 6.Be3 a6 7.Qd2 Nf6 8.O-O-O Bb4
9.f3 Ne5 10.Nb3 b5 11.Qe1 Rb8 12.Bd4 Nc6 13.Bxf6 Qf4+ 14.Kb1 Qxf6 15.a3 Bxc3
16.Qxc3 Qxc3 17.bxc3 Ke7 18.Be2 d6 19.f4 Bb7 20.Rhf1 Rbc8 21.Bf3 Rc7 22.Kb2 a5
23.Nd4 Nxd4 24.cxd4 Rhc8 25.Rd2 Ba6 26.Re1 b4 27.a4 Rc3 28.d5 exd5 29.exd5+ Kf6
30.Bg4 R8c4 31.g3 Bc8 32.Be2 Re4 33.Ra1 Ree3 34.Bb5 Bf5 35.Rc1 h5 36.Re2 h4
37.Rxe3 Rxe3 38.Rg1 Rc3 39.Rg2 hxg3  1/2-1/2

[Event "XIX EYCC Boys U16"]
[Site "Fermo ITA"]
[Date "2009.09.03"]
[Round "4"]
[White "Ralys,V"]
[Black "Orava,A"]
[Result "0-1"]
[WhiteElo "1868"]
[BlackElo "1762"]

1.e4 c5 2.Nf3 e6 3.d4 cxd4 4.Nxd4 Nc6 5.Nc3 Qc7 6.Be2 a6 7.O-O Nf6 8.Bg5 Bc5
9.Nb3 Ba7 10.Kh1 b5 11.f4 h6 12.e5 hxg5 13.exf6 gxf6 14.Ne4 Ke7 15.Bh5 gxf4
16.a4 Qe5 17.Bf3 Bb7 18.Nf2 Rag8 19.Re1 Be3 20.Ng4 Rxg4 21.Rxe3 fxe3 22.h3 Rg3  0-1

[Event "6th LGA Premium Cup"]
[Site "Nuernberg GER"]
[Date "2009.09.03"]
[Round "1"]
[White "Osmanovic,F"]
[Black "Iotov,V"]
[Result "0-1"]
[WhiteElo "2096"]
[BlackElo "2603"]

1.e4 c5 2.Nf3 e6 3.d4 cxd4 4.Nxd4 Nc6 5.Nc3 Qc7 6.Be2 a6 7.O-O Nf6 8.Be3 Be7
9.f4 d6 10.Qe1 O-O 11.Qg3 Nxd4 12.Bxd4 b5 13.a3 Bb7 14.Rae1 Rad8 15.Bd3 Rd7
16.Qh3 g6 17.f5 e5 18.Be3 Qd8 19.Bh6 Re8 20.fxg6 hxg6 21.Rf2 Nh7 22.Nd5 Bxd5
23.exd5 Bg5 24.Bxg5 Nxg5 25.Qh6 e4 26.Bf1 Re5 27.h4 Nh7 28.g3 Rde7 29.Kh2 Rxd5
30.Bh3 Rde5 31.Ref1 e3 32.Rxf7 Rxf7 33.Rxf7 Kxf7 34.Qxh7+ Kf6 35.g4 e2 36.g5+ Rxg5
37.hxg5+ Kxg5 38.Bf5 e1=Q 39.Qxg6+ Kf4 40.Qg4+ Ke5  0-1

[Event "ch-RUS HL"]
[Site "Ulan Ude RUS"]
[Date "2009.09.03"]
[Round "2"]
[White "Popov,Iv RUS"]
[Black "Grachev,B"]
[Result "1/2-1/2"]
[WhiteElo "2582"]
[BlackElo "2684"]

1.e4 c5 2.Nf3 e6 3.d4 cxd4 4.Nxd4 Nc6 5.Nc3 Qc7 6.Be2 a6 7.O-O Nf6 8.Be3 Be7
9.f4 d6 10.Qe1 O-O 11.Qg3 Bd7 12.e5 dxe5 13.fxe5 Nxe5 14.Bf4 Bd6 15.Rad1 Qb8
16.Rd3 Ne8 17.Ne4 Bc7 18.Rc3 Nc6 19.Bxc7 Nxd4 20.Bd3 Qa7 21.Nc5 Nxc7 22.Bxh7+ Kxh7
23.Qxg7+ Kxg7 24.Rg3+ Kh6 25.Rh3+ Kg7 26.Rg3+  1/2-1/2

[Event "ch-RUS HL"]
[Site "Ulan Ude RUS"]
[Date "2009.09.03"]
[Round "2"]
[White "Galkin,A"]
[Black "Lastin,A"]
[Result "1/2-1/2"]
[WhiteElo "2608"]
[BlackElo "2648"]

1.e4 c5 2.Nf3 e6 3.d4 cxd4 4.Nxd4 Nc6 5.Nc3 d6 6.Be2 Nf6 7.Be3 Be7 8.O-O O-O
9.f4 Bd7 10.Kh1 Nxd4 11.Bxd4 Bc6 12.Bd3 Nd7 13.Qf3 Bf6 14.Bxf6 Qxf6 15.Qh3 h6
16.Rad1 Rfd8 17.Bc4 Qe7 18.f5 Ne5 19.Bb3 Re8 20.f6 Qf8 21.Rf2 Rad8 22.fxg7 Qxg7
23.Rdf1 Qg5 24.Rf4 Kh8 25.Ne2 Rg8 26.Rh4 Kh7 27.Rh5 Qg7 28.Rf4 Rh8 29.c3 Ng6
30.Rg4 Qf6 31.Kg1 Bd7 32.Rxh6+ Kg7 33.Rxh8 Rxh8 34.Qe3 b6 35.Nf4 e5 36.Nxg6 fxg6
37.Rg3 Qh4 38.h3 Rf8 39.Bd5 Rf4 40.Qd3 Qf6 41.Qe2 b5 42.b4 a6 43.a3 Be6 44.Rd3 Bxd5
45.Rxd5 Qh4 46.Rxd6 Rxe4 47.Rd7+ Kf6 48.Qf3+ Qf4 49.Rd6+ Kf5 50.Qxf4+ Rxf4
51.g4+ Kg5 52.Re6 Rf3 53.Rxe5+ Kf4 54.Re6 Rxc3 55.Rxg6 Rxh3 56.Rxa6 Kxg4
57.Kg2 Rb3 58.Kf2 Kf4 59.Ke2 Ke4 60.Kd2 Rh3 61.Ra5 Kd4 62.Rxb5 Rxa3  1/2-1/2

[Event "XIX EYCC Boys U14"]
[Site "Fermo ITA"]
[Date "2009.09.04"]
[Round "5"]
[White "Berbatov,K"]
[Black "Bukavshin,I"]
[Result "1-0"]
[WhiteElo "2398"]
[BlackElo "2404"]

1.e4 c5 2.Nf3 e6 3.d4 cxd4 4.Nxd4 Nc6 5.Nc3 Qc7 6.f4 Nxd4 7.Qxd4 a6 8.Be3 b5
9.O-O-O Bb7 10.Bd3 Rc8 11.Kb1 Qc5 12.Rhe1 Nf6 13.Qxc5 Bxc5 14.Bxc5 Rxc5 15.e5 Rxc3
16.exf6 Rc5 17.fxg7 Rg8 18.g4 h6 19.Re3 Rxg7 20.Rg1 f5 21.h3 Rd5 22.Reg3 Rd4
23.gxf5 Rxg3 24.Rxg3 exf5 25.Rg6 h5 26.Rg5 Rxf4 27.Rxf5 Rxf5 28.Bxf5 Ke7
29.Kc1 d6 30.h4 Kf6 31.Bd3 Bc6 32.Kd2 Ke5 33.Ke3 Be8 34.b4 d5 35.c3 Bf7 36.a3 Be8
37.Bc2 Bf7 38.a4 Be8 39.axb5 axb5 40.Bd3 Kd6 41.Kd4 Bd7 42.Bf1 Bc6 43.Bg2 Ke6
44.Kc5 Be8 45.Bf1  1-0

[Event "4th Kolkata Open"]
[Site "Kolkata IND"]
[Date "2009.09.04"]
[Round "4"]
[White "Guseinov,G"]
[Black "Hossain,Enam"]
[Result "1/2-1/2"]
[WhiteElo "2667"]
[BlackElo "2516"]

1.e4 c5 2.Nc3 e6 3.Nf3 Nc6 4.d4 cxd4 5.Nxd4 Qc7 6.g3 a6 7.Bg2 Nf6 8.O-O Nxd4
9.Qxd4 Bc5 10.Bf4 d6 11.Qd2 h6 12.Rad1 e5 13.Be3 Be6 14.Bxc5 dxc5 15.f4 O-O
16.Nd5 Bxd5 17.exd5 Qd6 18.fxe5 Qxe5 19.c4 Qd6 20.Qf4 Rfd8 21.Qxd6 Rxd6 22.Rfe1 Kf8
23.Bh3 Re8 24.a3 Rxe1+ 25.Rxe1 a5 26.Re3 Rb6 27.b3 Rd6 28.Bc8 Rb6 29.Kf1 Ne8
30.Ke2 Nd6 31.Bd7 Ra6 32.Kd3 b6 33.Re1 Ra7 34.Bh3 Re7 35.Rb1 Re4 36.Bf1 Rd4+
37.Kc2 Ke7 38.Bd3 h5 39.Kc3 h4 40.b4 axb4+ 41.axb4 hxg3 42.hxg3 Rg4 43.bxc5 bxc5
44.Rb6 Rxg3 45.Rc6 Ne4+ 46.Kc2 Rg2+ 47.Kb3 Rg3 48.Kc2 Rg2+  1/2-1/2

[Event "2nd WTeam w"]
[Site "Ningbo CHN"]
[Date "2009.09.04"]
[Round "3"]
[White "Muzychuk,M"]
[Black "Javakhishvili,L"]
[Result "0-1"]
[WhiteElo "2441"]
[BlackElo "2472"]

1.e4 c5 2.Nf3 e6 3.d4 cxd4 4.Nxd4 Nc6 5.Nc3 Qc7 6.Be3 a6 7.Qd2 Nf6 8.O-O-O Be7
9.f3 h5 10.Qf2 d6 11.h3 b5 12.Nxc6 Qxc6 13.Bd3 h4 14.a3 Rb8 15.f4 b4 16.axb4 Rxb4
17.Bd4 Nh5 18.Ne2 Bf6 19.e5 Be7 20.Bc3 Ra4 21.Kb1 dxe5 22.fxe5 Bc5 23.Qf3 Qxf3
24.gxf3 Ng3 25.Rh2 Bb7 26.b3 Nxe2 27.Bxe2 Rf4 28.Bd2 Rd4 29.Bg5 Rxd1+ 30.Bxd1 Be7
31.Rg2 Rh5 32.Bxe7 Kxe7 33.Rxg7 Rxe5 34.Rg1 Kf6 35.Kc1 Rg5 36.Rxg5 Kxg5 37.Kd2 Kf4
38.Be2 a5 39.c4 e5 40.c5 Bc6 41.Bc4 f6 42.Be2 Bd7 43.Ba6 Kxf3 44.Bb7+ Kf2
45.c6 Bxh3 46.c7 Be6 47.Kc3 h3 48.b4 axb4+ 49.Kxb4 h2 50.Kc5 Kg1 51.Kd6 Bh3
52.Ke7 h1=Q 53.Bxh1 Kxh1 54.Kxf6 e4 55.Kg5 e3 56.Kh4 Kg2  0-1

[Event "6th LGA Premium Cup"]
[Site "Nuernberg GER"]
[Date "2009.09.04"]
[Round "2"]
[White "Klundt,K"]
[Black "Milov,L"]
[Result "0-1"]
[WhiteElo "2333"]
[BlackElo "2562"]

1.e4 c5 2.Nf3 e6 3.d4 cxd4 4.Nxd4 Nc6 5.Nc3 Qc7 6.Be3 a6 7.Qd2 Nf6 8.f3 Bb4
9.O-O-O O-O 10.g4 b5 11.g5 Ne8 12.Kb1 Bb7 13.a3 Be7 14.Nb3 Ne5 15.Qf2 f5
16.Bb6 Qc8 17.Qd4 Nxf3 18.Qxd7 Bxg5 19.Nc5 Qxd7 20.Rxd7 Nd2+ 21.Rxd2 Bxd2
22.Nxb7 Rb8 23.Nc5 Rxb6 24.Nd7 Rd6 25.Nxf8 Bxc3 26.Nxe6 Rxe6 27.bxc3 Rxe4
28.Bd3 Re5 29.c4 Nd6 30.cxb5 axb5 31.Kb2 g5 32.Kc3 Kf7 33.Kd4 Ke6 34.Ra1 Rd5+
35.Kc3 h5 36.a4 bxa4 37.Rxa4 Ke5 38.Ra1 g4 39.Kd2 h4 40.Ke2 h3 41.Ra4 f4
42.Kf2 Rc5 43.Rb4 Ra5 44.Rb1 Ne4+ 45.Kg1 f3 46.Bxe4 Kxe4 47.Kf2 Ra4 48.Rb8 Rc4
49.Re8+ Kd4 50.Rd8+ Ke4  0-1

[Event "II Open"]
[Site "Sabadell ESP"]
[Date "2009.09.04"]
[Round "4"]
[White "Alonso Moyano,J"]
[Black "Gonzalez Garcia,J2"]
[Result "0-1"]
[WhiteElo "2389"]
[BlackElo "2509"]

1.e4 c5 2.Nc3 e6 3.Nf3 Nc6 4.d4 cxd4 5.Nxd4 Qc7 6.Be3 Nf6 7.Qd2 Bb4 8.f3 Nxd4
9.Qxd4 Bxc3+ 10.bxc3 O-O 11.Qc5 Qb8 12.O-O-O d5 13.exd5 Nxd5 14.Bd4 b6 15.Qb5 Qf4+
16.Kb2 Rd8 17.Qe2 Bb7 18.g3 Qc7 19.Bh3 Rac8 20.Qd3 Qc6 21.Rhe1 Qa4 22.Qe2 Qc6
23.Qd3 Nc7 24.f4 Qa4 25.Bf1 Ba6 26.c4 Nb5 27.cxb5 Rxd4 28.Qb3 Rb4 29.bxa6 Rxb3+
30.axb3 Qa5 31.Re3 Qc5 32.Re2 g6 33.Rd3 Kg7 34.Bg2 b5 35.Bb7 Rc7 36.c3 b4
37.c4 Qg1 38.Rc2 Rc5 39.Bf3 Ra5 40.Rd1 Qe3 41.Bc6 Rxa6 42.Ba4 Ra5 43.Ka2 Rxa4+  0-1

[Event "TCh-SRB 1st League"]
[Site "Kragujevac SRB"]
[Date "2009.09.05"]
[Round "5"]
[White "Todorovic,GM"]
[Black "Sarenac,D"]
[Result "1-0"]
[WhiteElo "2450"]
[BlackElo "2201"]

1.e4 c5 2.Nf3 e6 3.d4 cxd4 4.Nxd4 Nc6 5.Nc3 Qc7 6.Be3 a6 7.Bd3 Nf6 8.O-O Ne5
9.h3 Bc5 10.Kh1 d6 11.f4 Ng6 12.f5 Ne5 13.Qe1 O-O 14.Qg3 Kh8 15.Nce2 Nxd3
16.cxd3 e5 17.Nc2 Bxe3 18.Nxe3 Bd7 19.Qh4 Bc6 20.g4 Qb6 21.Nc4 Qc5 22.Rac1 Nxe4
23.dxe4 Bxe4+ 24.Kh2 Bd3 25.Qf2 Rac8 26.Ne3 Qb4 27.Rfd1 Bxe2 28.Qxe2 Qf4+
29.Kg2 Qe4+ 30.Qf3 Qb4 31.Qf2 Qe4+ 32.Kg3 g5 33.fxg6 hxg6 34.Rxc8 Rxc8 35.Rxd6 f5
36.gxf5 gxf5 37.Rh6+ Kg8 38.Nxf5 Rc7 39.Rh4 Qh1 40.Rg4+ Kh7 41.Ne3  1-0

[Event "6th LGA Premium Cup"]
[Site "Nuernberg GER"]
[Date "2009.09.05"]
[Round "4"]
[White "Tischbierek,R"]
[Black "Bischoff,K"]
[Result "0-1"]
[WhiteElo "2447"]
[BlackElo "2551"]

1.e4 c5 2.Nf3 e6 3.d4 cxd4 4.Nxd4 Nc6 5.Nc3 d6 6.Be2 a6 7.O-O Bd7 8.a4 Nf6
9.Be3 Be7 10.f4 O-O 11.Nb3 b6 12.Bf3 Qb8 13.g4 Rc8 14.g5 Ne8 15.Bg2 Na5 16.Nd2 b5
17.axb5 axb5 18.f5 Nc7 19.f6 Bf8 20.e5 d5 21.fxg7 Bxg7 22.Nde4 Nc4 23.Rxa8 Qxa8
24.Qh5 Nxe3 25.Rxf7 dxe4 26.Nxe4 Ncd5 27.Nf6+ Nxf6 28.Rxg7+ Kh8 29.Rxh7+ Nxh7
30.Bxa8 Be8 31.Qf3 Nf5 32.h4 Nxh4 33.Qb7 Rd8 34.Qa7 Nxg5 35.Kf2 Nf5 36.b3 Kg8
37.c4 bxc4 38.bxc4 Bh5 39.Qa5 Nh3+ 40.Kg2 Nf4+ 41.Kf2 Rb8 42.Bb7 Nd3+ 43.Kg1 Kh8
44.Kh2 Nf2 45.c5 Rg8 46.Qd2 Ne3 47.Qe1 Rg5 48.Ba8 Kg7 49.Bb7 Bd1 50.c6 Rg2+  0-1

[Event "6th LGA Premium Cup"]
[Site "Nuernberg GER"]
[Date "2009.09.05"]
[Round "4"]
[White "Mainka,R"]
[Black "Milov,L"]
[Result "1-0"]
[WhiteElo "2521"]
[BlackElo "2562"]

1.e4 c5 2.Nf3 e6 3.Nc3 Nc6 4.d4 cxd4 5.Nxd4 Qc7 6.Be3 a6 7.Bd3 Nf6 8.O-O Ne5
9.h3 Bc5 10.Na4 Ba7 11.c4 O-O 12.Rc1 d6 13.b3 Bd7 14.Nc3 Rfd8 15.Bb1 Qa5
16.Qe1 Kh8 17.Kh1 Ng6 18.Nf3 Bxe3 19.Qxe3 Be8 20.Ne2 Rac8 21.Rfd1 Kg8 22.Kg1 Kf8
23.Nfd4 Qc5 24.Qd2 Qb6 25.Qc3 Bc6 26.Nxc6 Qxc6 27.Nd4 Qc5 28.Qd2 Rd7 29.Re1 Rcd8
30.b4 Qb6 31.Nb3 Rc8 32.Bd3 Ne5 33.Bf1 Nc6 34.a3 a5 35.b5 Ne5 36.Nxa5 Qa7
37.Nb3 Qxa3 38.Qc3 Qa4 39.c5 Nxe4 40.Qe3 d5 41.c6 Re7 42.cxb7 Rce8 43.Rc8 Rxb7
44.Nc5  1-0

[Event "XIX EYCC Girls U16"]
[Site "Fermo ITA"]
[Date "2009.09.06"]
[Round "6"]
[White "Gunther,M"]
[Black "Petrova,I"]
[Result "1-0"]
[WhiteElo "1857"]
[BlackElo "1987"]

1.e4 c5 2.Nf3 Nc6 3.d4 cxd4 4.Nxd4 e6 5.Nc3 d6 6.Be2 Nf6 7.O-O Be7 8.Kh1 O-O
9.f4 Qc7 10.Be3 Nxd4 11.Bxd4 e5 12.Be3 exf4 13.Bxf4 a6 14.Qe1 Be6 15.Qg3 Kh8
16.e5 dxe5 17.Bxe5 Qb6 18.Ne4 Ne8 19.Bd3 f6 20.Qh4 Bg8 21.Bc3 Nc7 22.Rf5 Rad8
23.Rh5 Rxd3 24.cxd3 Nd5 25.Qf2 Qe6 26.Re1 Qg4 27.Rf5 Bd8 28.Bd4 Bc7 29.Rf3 Nf4
30.h3 Qd7 31.Bc5 Re8 32.Rxf4 Bxf4 33.Qxf4 f5 34.a3 fxe4 35.dxe4 Qc6 36.Bd4 Qc4
37.Bc3 Re7 38.Qg5 Rf7 39.Kg1 Qe6 40.Qg3 Qb6+ 41.Qe3 Qe6 42.Qg3 Qb6+ 43.Kh2 Qe6
44.Rf1 Rd7 45.Rd1 Rf7 46.e5 Rd7 47.Rd6 Qe7 48.Qg4 Rc7 49.Qd4 Rc4 50.Qd3 Rc7
51.Rd8 Qf7 52.Qg3 Qe7 53.Rb8 Rd7 54.Bb4 Qe6 55.Bf8 Rf7 56.Bb4 Rd7 57.Bd6 Rf7
58.Qg4 Qd5 59.Rxg8+  1-0